| 000 | 00509nam a2200133Ia 4500 | ||
|---|---|---|---|
| 005 | 20260209120150.0 | ||
| 008 | 260209s9999||||xx |||||||||||||| ||und|| | ||
| 100 | _aMahalakshmi E | ||
| 245 | 0 | _aBalancing innovation and access : examining the rationale for patenting gm seeds | |
| 260 |
_aBangaloreBangalore _bNLSIU, Bangalore _c2023 - 2024 |
||
| 300 | _a31 p. ; 25 cm. | ||
| 700 | _aDr. Betsy Rajasingh - SupervisorDr. Betsy Rajasingh - Supervisor | ||
| 856 | _uhttps://dans.nls.ac.in/handle/123456789/2115 | ||
| 999 |
_c217679 _d217679 |
||